Представление документа в формате MARC21

Поле Инд. ПП Название Значение
Тип записи a
Библиографический уровень b
001 Контрольный номер 24fa6832db474391a19e0d795221aa38
005 Дата корректировки 20220426161916.8
040 a Служба первич. каталог. РИНЦ
041 0_ a Код языка текста rus
084 a Индекс другой классификации/Индекс ББК 32.973; 22.14
097 a Ануфриева Г.Ю.
097 a Костикова Н.В.
100 1_ a Автор Абрамов С. А.
100 1_ a Автор Боголюбская А. А.
g Прочие сведения РИНЦ AuthorID: 276716 (http://elibrary.ru/author_items.asp?authorid=276716); Scopus Author ID: 12800140600 (https://www.scopus.com/authid/detail.uri?authorId=12800140600)
q Полное имя Боголюбская Алла Анатольевна
c Титул (звания) кандидат физико-математических наук
i 000089047
k Кафедра системного анализа и управления; Институт системного анализа и управления
u Дополнение Боголюбская А. А.
100 1_ a Автор Ростовцев В. А.
245 10 a Заглавие Семинар по компьютерной алгебре в 2014 - 2015 гг.
650 04 a Основная рубрика программирование; математика; алгебра
773 18 t Название источника Программирование
c Москва
d Место и дата издания 2016
m Специф. данные входит в ядро РИНЦ
m Специф. данные журнал из перечня ВАК
g Прочая информация № 2. - С. 4 - 7
n Примечание http://elibrary.ru/contents.asp?issueid=1575510
w Контрольный № источника f954ef33242b4a1ebf00b256c4bd98b9
b Сведения об издании Наука
856 40 u URL http://elibrary.ru/item.asp?id=25970020
901 t Тип документа b
952 c Вид литературы статья в журнале